000 00502nam a2200157 4500
001 116791
003 ES-MaACL
005 20230906190753.0
007 t|
008 061121s1969 sp r ||||1| und d
100 1 _aPavelic, Ante.
_989678
245 1 0 _aLiepa Plavka
_b: Roman iz borbe hervatakoga naroda za slobodu i nezavisnost /
_c[Izpravak izvrisio, Andrija Ilic].
260 _aMadrid :
_bVisnja Pavelic,
_c1969.
300 _a367 p., 13 lám. ;
_c21 cm.
852 _aES-MaACL
_jC-38958
_bR.70739
999 _c116791
_d116791